000 01036nam a2200325Ia 4500
001 dia_4843
003 CHAP
005 20230720130747.0
008 220117s2007 xx 000 0 und d
010 _a175646
020 _a978-970-817-080-2
040 _cCHAP
082 _a511 N54 2007
100 _aNieves Hurtado, Antonio
_981314
245 _aMétodos numéricos aplicados a la ingeniería /
_c Antonio Nieves Hurtado y Federico C. Domínguez
250 _a3a ed.
260 _aMéxico :
_b Grupo Editorial Patria,
_c2007
300 _axvi, 708 p.
503 _aC/e
590 _aQA297 N54 2007
650 _aAnálisis numérico
_xProcesamiento de datos
_9154345
650 _aEngineering
_xStadistics
_9156861
650 _aIngeniería
_xMétodos estadísticos
_958191
650 _aNumerical methods
_9156862
700 _aDomínguez, Federico C., coaut.
_9156863
901 _a511 N54 2007
902 _aM
905 _a5232272007 mx minl8222223322spa16
942 _cLIBRO
_2ddc
999 _c175646
_d175646